[Event "Paraguay Gran Prix U2300 08"]
[Site "Paraguay"]
[Date "2013.08.12"]
[Round "2.7"]
[White "Kopylov, Andres"]
[Black "Benedetti, Claudio"]
[Result "0-1"]
[WhiteElo "1643"]
[BlackElo "2034"]
[PlyCount "48"]
[EventDate "2013.08.07"]
[EventType "swiss"]
[EventRounds "9"]
[EventCountry "ARG"]
[SourceTitle "EXT 2024"]
[Source "ChessBase"]
[SourceDate "2023.10.10"]
[SourceVersion "1"]
[SourceVersionDate "2023.10.10"]
[SourceQuality "1"]

1. e4 e6 2. d4 d5 3. Nc3 Bb4 4. e5 c5 5. a3 Ba5 6. b4 cxd4 7. Qg4 Ne7 8. Qxg7 Rg8 9. Qxh7 dxc3 10. bxa5 Nbc6 11. f4 Bd7 12. Ne2 Qxa5 13. Rb1 0-0-0 14. Qd3 Nf5 15. Ng3 Nce7 16. Be2 Bc6 17. Nxf5 Nxf5 18. g4 Nh4 19. Qh7 d4 20. Rg1 d3 21. Qxh4 dxe2 22. Kxe2 Qd5 23. Qf2 Qe4+ 24. Qe3 Qxc2+ 0-1